Diamante : (Registro nro. 6482)
[ vista simple ]
| 000 -LEADER | |
|---|---|
| fixed length control field | 00958nam a22002297a 4500 |
| 003 - CONTROL NUMBER IDENTIFIER | |
| control field | OSt |
| 005 - DATE AND TIME OF LATEST TRANSACTION | |
| control field | 20200211132955.0 |
| 008 - FIXED-LENGTH DATA ELEMENTS--GENERAL INFORMATION | |
| fixed length control field | 200211s2016 ck abo|gr|||| 00| 0 spa d |
| 020 ## - INTERNATIONAL STANDARD BOOK NUMBER | |
| International Standard Book Number | 9789585858305 |
| 040 ## - CATALOGING SOURCE | |
| Original cataloging agency | CO-JMCR |
| Transcribing agency | CO-JMCR |
| 041 0# - LANGUAGE CODE | |
| Language code of text/sound track or separate title | spa |
| 082 04 - DEWEY DECIMAL CLASSIFICATION NUMBER | |
| Classification number | 338.9861 / |
| Item number | D537d |
| Edition number | 23 |
| 245 00 - TITLE STATEMENT | |
| Title | Diamante : |
| Remainder of title | caribe y santanderes |
| 250 ## - EDITION STATEMENT | |
| Edition statement | Primera edición |
| 260 ## - PUBLICATION, DISTRIBUTION, ETC. | |
| Place of publication, distribution, etc. | Bogotá : |
| Name of publisher, distributor, etc. | Findeter, |
| Date of publication, distribution, etc. | 2016 |
| 300 ## - PHYSICAL DESCRIPTION | |
| Extent | 419 páginas : |
| Other physical details | fototgrafías y mapas a color ; |
| Dimensions | 22 cm. |
| 505 0# - FORMATTED CONTENTS NOTE | |
| Formatted contents note | El Diamante, un proyecto país -- El modelo territorial del Diamante -- Los ejes estructurantes del Diamante -- Proyectos ciudad-territorio -- Estrategias de ecodesarrollo -- Ecosistemas de innovación -- De la visión a la acción |
| 650 14 - SUBJECT ADDED ENTRY--TOPICAL TERM | |
| Topical term or geographic name entry element | Costa Caribe (Región, Colombia) |
| General subdivision | Condiciones económicas |
| 9 (RLIN) | 408 |
| 650 14 - SUBJECT ADDED ENTRY--TOPICAL TERM | |
| Topical term or geographic name entry element | Santander (Colombia) |
| General subdivision | Condiciones económicas |
| 9 (RLIN) | 409 |
| 650 14 - SUBJECT ADDED ENTRY--TOPICAL TERM | |
| Topical term or geographic name entry element | Norte de Santander |
| General subdivision | Condiciones económicas |
| 9 (RLIN) | 410 |
| 942 ## - ADDED ENTRY ELEMENTS (KOHA) | |
| Source of classification or shelving scheme | Dewey Decimal Classification |
| Koha item type | Books |
| Withdrawn status | Lost status | Source of classification or shelving scheme | Damaged status | Not for loan | Home library | Current library | Date acquired | Source of acquisition | Cost, normal purchase price | Total Checkouts | Full call number | Barcode | Date last seen | Copy number | Price effective from | Koha item type |
|---|---|---|---|---|---|---|---|---|---|---|---|---|---|---|---|---|
| Dewey Decimal Classification | Biblioteca Pública José María del Castillo y Rada | Biblioteca Pública José María del Castillo y Rada | 02/11/2020 | Donación | 0.00 | 338.9861 / D537d | 201809837 | 05/16/2024 | Ej.1 | 02/11/2020 | Books |